000
00327nam a22001457a 4500
008
210310b ||||| |||| 00| 0 eng d
020
_a
9780813817330
041
_a
eng
080
_2
6th
_a
575
082
_a
575
100
_a
11
101
_a
BIO
245
_a
Veterinary Clinical Parasitology
_c
Sloos,M.W
942
_2
udc
_c
BK
999
_c
56190
_d
56190